| 000 | 00653nam a22002057a 4500 | ||
|---|---|---|---|
| 003 | 0 | ||
| 005 | 20251009152322.0 | ||
| 008 | 251009b xxu||||| |||| 00| 0 eng d | ||
| 020 | _a979-8-89161-595-3 | ||
| 050 |
_aBF 181 _b.M67 2025 |
||
| 100 |
_aMorris, Floyd, _eauthor. |
||
| 245 |
_aExperimental psychology / _cFloyd Morris. |
||
| 260 |
_aJersey City, USA : _bAlexis Press, _c2025. |
||
| 300 |
_ax, 284 pages : _billustrations ; _c27 cm. |
||
| 504 | _aIncludes bibliographical references and index. | ||
| 650 | _aExperimental psychology. | ||
| 650 |
_aPsychology _xResearch _vMethodology. |
||
| 650 | _aPsychological experiments. | ||
| 942 |
_2lcc _cBK |
||
| 999 |
_c368212 _d368212 |
||